000 00638cam a22002055a 4500
001 L149672
008 100407s2010 xxk f 000 0 eng d
035 _a(Sirsi) u149672
041 0 _aeng
100 1 _aMayer, Peter
245 0 0 _aWhat it costs
_bflooring
260 _c2010
490 0 _aBuilding
_v275 (8622, 12) 26 March 2010, 69(1)
520 _aLevel access showers can improve the quality of life for disabled users; the design options and lifecycle costs for retrofitting them into existing floors.
590 _aKA
651 4 _aENGLAND AND WALES
690 _aBUILT ENVIRONMENT
700 1 _aMayer, Peter
942 _n0
999 _c82245
_d82245